000 00620nam a2200217Ia 4500
003 OSt
005 20220926034944.0
006 a|||||r|||| 00| 0
007 ta
008 220923b |||||||| |||| 00| 0 eng d
037 _cGeneral Book
040 _aRTL
_cRTL
_beng
041 _2eng
_aeng
082 _aXz7, J3
100 _aGrampp William D Ed.
_9125507
245 0 _aEconomic Policy
_b Readings in political economy.
490 _aIrwin Series in Economics.6.
700 _a Weiler Emanuel T
942 _hXz7, J3
_cGB
_2CC
999 _c660884
_d660884